Taco Hemingway - Umowa o dzieło - Statystyki

Ogólne statystyki
  • Ten quiz został rozwiązany 19 razy
  • Średni wynik to 6 z 8
Statystyki odpowiedzi
Umowa o dzieło % Poprawnych
Następna stacja
94%
Białkoholicy
89%
6 zer
83%
A mówiłem Ci
83%
Awizo
78%
100 kmh
67%
+4822
67%
Od zera
56%
Nie znaleziono quizów pasujących do podanych kryteriów
Rozkład punktacji
Procent ludzi z każdym wynikiem
Percentyl według liczby udzielonych odpowiedzi
Twoja historia wyników
Nie rozwiązałeś tego quizu